| 000 | 01125nac a22003497a 4500 | ||
|---|---|---|---|
| 001 | BR7902125 | ||
| 003 | BR-BrBNA | ||
| 005 | 20240105114417.0 | ||
| 008 | 230509b bl.|||m| |||| 00| 0 por d | ||
| 040 |
_aBR-BrBNA _bpor _cBiblioteca Nacional de Agricultura |
||
| 072 | _aF00 | ||
| 090 | _aF00 BR7902125 | ||
| 100 | 1 | _aMiglioranga, E. | |
| 100 | 1 | _aKikuti, P. | |
| 100 | 1 | _aSimoes, J.W. | |
| 110 | 1 |
_aInstituto de Pesquisas e Estudos Florestais, Piracicaba, SP (Brasil) _96160 |
|
| 245 | 1 | _aCulturas agricolas em empresa florestais: dados tecnicos basicos [pratica cultural, amendoim, arroz, centeio, cevada, feijao, mandioca, milho, trigo] | |
| 260 | 3 |
_aPiracicaba, SP (Brasil): _c1979. |
|
| 300 | _a47 p. | ||
| 490 |
_aCircular Tecnica - Instituto de Pesquisas e Estudos Florestais (Brazil) _vno. 56 _xISSN 0100-3453 |
||
| 650 | _aAMENDOIM | ||
| 650 | _aARROZ | ||
| 650 | _aCENTEIO | ||
| 650 | _aCEVADA | ||
| 650 | _aFEIJAO | ||
| 650 | _aMANDIOCA | ||
| 650 | _aMILHO | ||
| 650 | _aTRIGO | ||
| 650 | _aPRATICA CULTURAL | ||
| 909 |
_a202312 _bLúcia Elande _c55 _dLúcia Elande |
||
| 942 |
_2AGRIS _n0 _cMS |
||
| 999 |
_c269193 _d269193 |
||